[Event "Deutsche Ländermeisterschaft 2023"]
[Site "Hannover GER"]
[Date "2023.10.01"]
[Round "1"]
[White "Kovalskyy, Alicia"]
[Black "Artemenko, Isabella"]
[Result "1-0"]
[Termination "normal"]
[Board "1.8"]
[WhiteElo "1527"]
[BlackElo "1016"]
[WhiteClock "00:29:12"]
[BlackClock "01:28:30"]
[WhiteTeam "Nordrhein-Westfalen"]
[BlackTeam "Bayern"]
[PlyCount "117"]
[WhiteFideId "34612130"]
[BlackFideId "34639616"]
[EventCountry "GER"]
[EventRounds "7"]
[EventType "team-swiss"]
[EventDate "2023.09.30"]

1. e4 {[%clk 01:30:58]} e5 {[%clk 01:30:58]} {[%emt 00:00:03]} 2. Nf3 {[%clk
01:31:20]} {[%emt 00:00:08]} Nc6 {[%clk 01:31:14]} {[%emt 00:00:13]} 3. Bc4
{[%clk 01:31:38]} {[%emt 00:00:13]} Bc5 {[%clk 01:31:41]} {[%emt 00:00:03]} 4.
d3 {[%clk 01:32:01]} {[%emt 00:00:07]} Nf6 {[%clk 01:32:00]} {[%emt 00:00:10]}
5. O-O {[%clk 01:32:22]} {[%emt 00:00:10]} d6 {[%clk 01:32:22]} {[%emt
00:00:08]} 6. h3 {[%clk 01:32:43]} {[%emt 00:00:08]} O-O {[%clk 01:32:36]}
{[%emt 00:00:17]} 7. Bg5 {[%clk 01:32:56]} {[%emt 00:00:17]} h6 {[%clk
01:32:46]} {[%emt 00:00:20]} 8. Bh4 {[%clk 01:33:11]} {[%emt 00:00:16]} Re8
{[%clk 01:32:31]} {[%emt 00:00:45]} 9. Nc3 {[%clk 01:33:23]} {[%emt 00:00:18]}
Be6 {[%clk 01:32:39]} {[%emt 00:00:22]} 10. Bb3 {[%clk 01:29:17]} {[%emt
00:04:36]} Bxb3 {[%clk 01:32:46]} {[%emt 00:00:22]} 11. axb3 {[%clk 01:29:41]}
{[%emt 00:00:07]} Re6 {[%clk 01:32:36]} {[%emt 00:00:39]} 12. Nd5 {[%clk
01:29:51]} {[%emt 00:00:21]} Nb4 {[%clk 01:32:12]} {[%emt 00:00:53]} 13. Nxf6+
{[%clk 01:29:16]} {[%emt 00:01:06]} Rxf6 {[%clk 01:32:28]} {[%emt 00:00:15]}
14. Bxf6 {[%clk 01:28:23]} {[%emt 00:01:23]} Qxf6 {[%clk 01:32:49]} {[%emt
00:00:08]} 15. c3 {[%clk 01:26:01]} {[%emt 00:02:49]} Nc6 {[%clk 01:33:06]}
{[%emt 00:00:16]} 16. Qd2 {[%clk 01:20:30]} {[%emt 00:05:57]} a6 {[%clk
01:33:06]} {[%emt 00:00:34]} 17. b4 {[%clk 01:18:12]} {[%emt 00:02:50]} Ba7
{[%clk 01:33:14]} {[%emt 00:00:20]} 18. c4 {[%clk 01:14:13]} {[%emt 00:04:29]}
Bb6 {[%clk 01:32:53]} {[%emt 00:00:52]} 19. b5 {[%clk 01:14:07]} {[%emt
00:00:36]} Nd4 {[%clk 01:32:59]} {[%emt 00:00:23]} 20. Nxd4 {[%clk 01:13:48]}
{[%emt 00:00:50]} Bxd4 {[%clk 01:33:19]} {[%emt 00:00:10]} 21. bxa6 {[%clk
01:14:00]} {[%emt 00:00:19]} Rxa6 {[%clk 01:33:19]} {[%emt 00:00:29]} 22. Rxa6
{[%clk 01:14:07]} {[%emt 00:00:24]} bxa6 {[%clk 01:33:39]} {[%emt 00:00:10]}
23. Ra1 {[%clk 01:14:21]} {[%emt 00:00:15]} Qd8 {[%clk 01:32:04]} {[%emt
00:02:05]} 24. Rxa6 {[%clk 01:14:15]} {[%emt 00:00:38]} Qb8 {[%clk 01:31:28]}
{[%emt 00:01:05]} 25. b4 {[%clk 01:10:56]} {[%emt 00:03:49]} Qb7 {[%clk
01:31:28]} {[%emt 00:00:31]} 26. b5 {[%clk 01:10:32]} {[%emt 00:00:54]} Bb6
{[%clk 01:31:22]} {[%emt 00:00:31]} 27. Qa2 {[%clk 01:09:05]} {[%emt 00:01:57]}
Bd4 {[%clk 01:29:50]} {[%emt 00:02:04]} 28. Ra8+ {[%clk 01:08:00]} {[%emt
00:01:38]} Kh7 {[%clk 01:30:10]} {[%emt 00:00:10]} 29. Qa6 {[%clk 01:05:42]}
{[%emt 00:02:49]} Qb6 {[%clk 01:29:59]} {[%emt 00:00:40]} 30. Qxb6 {[%clk
01:05:10]} {[%emt 00:01:04]} Bxb6 {[%clk 01:30:19]} {[%emt 00:00:09]} 31. Kf1
{[%clk 01:03:30]} {[%emt 00:02:09]} Kg6 {[%clk 01:30:34]} {[%emt 00:00:15]} 32.
Ke2 {[%clk 01:03:39]} {[%emt 00:00:22]} f5 {[%clk 01:30:29]} {[%emt 00:00:33]}
33. f3 {[%clk 01:02:18]} {[%emt 00:01:52]} f4 {[%clk 01:30:36]} {[%emt
00:00:23]} 34. Rg8 {[%clk 00:58:56]} {[%emt 00:03:52]} Kf7 {[%clk 01:30:51]}
{[%emt 00:00:15]} 35. Rd8 {[%clk 00:58:40]} {[%emt 00:00:45]} g5 {[%clk
01:30:27]} {[%emt 00:00:54]} 36. Kf1 {[%clk 00:53:15]} {[%emt 00:05:57]} Kg6
{[%clk 01:30:34]} {[%emt 00:00:22]} 37. g4 {[%clk 00:53:09]} {[%emt 00:00:36]}
fxg3 {[%clk 01:30:50]} {[%emt 00:00:14]} 38. Kg2 {[%clk 00:53:34]} {[%emt
00:00:05]} Kh5 {[%clk 01:28:43]} {[%emt 00:02:36]} 39. Kxg3 {[%clk 00:53:35]}
{[%emt 00:00:29]} Kg6 {[%clk 01:28:53]} {[%emt 00:00:21]} 40. Kg2 {[%clk
00:39:40]} {[%emt 00:14:23]} Kh5 {[%clk 01:29:04]} {[%emt 00:00:20]} 41. Kg3
{[%clk 00:37:03]} {[%emt 00:03:07]} Kg6 {[%clk 01:29:22]} {[%emt 00:00:12]} 42.
Ra8 {[%clk 00:36:41]} {[%emt 00:00:50]} Kh5 {[%clk 01:29:28]} {[%emt 00:00:26]}
43. Ra1 {[%clk 00:36:55]} {[%emt 00:00:15]} Bd4 {[%clk 01:29:47]} {[%emt
00:00:13]} 44. Rh1 {[%clk 00:34:50]} {[%emt 00:02:31]} Be3 {[%clk 01:29:25]}
{[%emt 00:00:54]} 45. Ra1 {[%clk 00:33:40]} {[%emt 00:01:39]} Bf4+ {[%clk
01:29:28]} {[%emt 00:00:25]} 46. Kg2 {[%clk 00:34:02]} {[%emt 00:00:11]} Be3
{[%clk 01:29:49]} {[%emt 00:00:10]} 47. Kg3 {[%clk 00:29:59]} {[%emt 00:04:34]}
Bf4+ {[%clk 01:30:01]} {[%emt 00:00:17]} 48. Kf2 {[%clk 00:30:10]} {[%emt
00:00:19]} Kh4 {[%clk 01:29:46]} {[%emt 00:00:44]} 49. Ra7 {[%clk 00:28:51]}
{[%emt 00:01:51]} Kxh3 {[%clk 01:29:25]} {[%emt 00:00:51]} 50. Rxc7 {[%clk
00:28:42]} {[%emt 00:00:39]} h5 {[%clk 01:29:44]} {[%emt 00:00:11]} 51. b6
{[%clk 00:28:43]} {[%emt 00:00:29]} h4 {[%clk 01:30:05]} {[%emt 00:00:08]} 52.
b7 {[%clk 00:28:55]} {[%emt 00:00:19]} Bg3+ {[%clk 01:30:18]} {[%emt 00:00:17]}
53. Kg1 {[%clk 00:29:02]} {[%emt 00:00:14]} Bh2+ {[%clk 01:30:06]} {[%emt
00:00:51]} 54. Kh1 {[%clk 00:29:12]} {[%emt 00:00:20]} Bf4 {[%clk 01:29:59]}
{[%emt 00:00:37]} 55. b8=Q {[%clk 00:29:25]} {[%emt 00:00:18]} Kg3 {[%clk
01:30:14]} {[%emt 00:00:12]} 56. Qb1 {[%clk 00:29:07]} {[%emt 00:00:49]} Be3
{[%clk 01:30:21]} {[%emt 00:00:22]} 57. Qf1 {[%clk 00:29:02]} {[%emt 00:00:34]}
g4 {[%clk 01:29:30]} {[%emt 00:01:24]} 58. Qg2+ {[%clk 00:29:12]} {[%emt
00:00:19]} Kf4 {[%clk 01:28:30]} {[%emt 00:01:31]} 59. Qxg4# {[%emt 00:00:09]}
1-0

[Event "Deutsche Ländermeisterschaft 2023"]
[Site "Hannover GER"]
[Date "2023.10.01"]
[Round "1"]
[White "Laux, Dominik"]
[Black "Haubold, Sebastian"]
[Result "1-0"]
[Termination "normal"]
[Board "2.1"]
[WhiteTitle "FM"]
[WhiteElo "2281"]
[BlackElo "2158"]
[WhiteClock "00:16:05"]
[BlackClock "00:10:08"]
[WhiteTeam "Hessen"]
[BlackTeam "Sachsen-Anhalt"]
[PlyCount "103"]
[WhiteFideId "12994219"]
[BlackFideId "16259637"]
[EventCountry "GER"]
[EventRounds "7"]
[EventType "team-swiss"]
[EventDate "2023.09.30"]

1. d4 {[%clk 01:30:39]} {[%emt 00:00:19]} Nf6 {[%clk 01:30:32]} {[%emt
00:00:28]} 2. Bf4 {[%clk 01:30:49]} {[%emt 00:00:20]} g6 {[%clk 01:30:08]}
{[%emt 00:00:55]} 3. Nc3 {[%clk 01:30:45]} {[%emt 00:00:33]} d5 {[%clk
01:26:36]} {[%emt 00:04:02]} 4. e3 {[%clk 01:30:57]} {[%emt 00:00:18]} Bg7
{[%clk 01:24:08]} {[%emt 00:02:59]} 5. Nb5 {[%clk 01:30:06]} {[%emt 00:01:21]}
Na6 {[%clk 01:24:22]} {[%emt 00:00:16]} 6. h3 {[%clk 01:30:25]} {[%emt
00:00:11]} c6 {[%clk 01:20:08]} {[%emt 00:04:42]} 7. Nc3 {[%clk 01:30:22]}
{[%emt 00:00:34]} Qb6 {[%clk 01:11:39]} {[%emt 00:08:58]} 8. Rb1 {[%clk
01:28:55]} {[%emt 00:01:58]} O-O {[%clk 01:07:52]} {[%emt 00:04:17]} 9. Nf3
{[%clk 01:25:31]} {[%emt 00:03:55]} Ne4 {[%clk 00:54:42]} {[%emt 00:13:40]} 10.
Be2 {[%clk 01:14:16]} {[%emt 00:11:45]} Qa5 {[%clk 00:47:36]} {[%emt 00:07:35]}
11. O-O {[%clk 01:13:57]} {[%emt 00:00:50]} Nxc3 {[%clk 00:46:33]} {[%emt
00:01:33]} 12. bxc3 {[%clk 01:14:24]} {[%emt 00:00:04]} Qxc3 {[%clk 00:44:08]}
{[%emt 00:02:54]} 13. Qc1 {[%clk 01:11:07]} {[%emt 00:03:46]} Qa5 {[%clk
00:37:59]} {[%emt 00:06:39]} 14. c4 {[%clk 01:07:55]} {[%emt 00:03:42]} Qxa2
{[%clk 00:35:07]} {[%emt 00:03:23]} 15. Re1 {[%clk 00:59:38]} {[%emt 00:08:47]}
Qa5 {[%clk 00:29:51]} {[%emt 00:05:45]} 16. cxd5 {[%clk 00:53:26]} {[%emt
00:06:42]} cxd5 {[%clk 00:28:18]} {[%emt 00:02:03]} 17. Ra1 {[%clk 00:32:34]}
{[%emt 00:21:22]} Qb6 {[%clk 00:26:23]} {[%emt 00:02:25]} 18. Qa3 {[%clk
00:31:27]} {[%emt 00:01:37]} Qd8 {[%clk 00:21:15]} {[%emt 00:05:38]} 19. Rec1
{[%clk 00:29:31]} {[%emt 00:02:26]} Nb8 {[%clk 00:15:03]} {[%emt 00:06:42]} 20.
Bc7 {[%clk 00:22:14]} {[%emt 00:07:48]} Qe8 {[%clk 00:13:26]} {[%emt 00:02:06]}
21. Qb3 {[%clk 00:17:27]} {[%emt 00:05:18]} Nc6 {[%clk 00:08:26]} {[%emt
00:05:30]} 22. Qxd5 {[%clk 00:17:15]} {[%emt 00:00:42]} Qd7 {[%clk 00:07:33]}
{[%emt 00:01:23]} 23. Qxd7 {[%clk 00:17:40]} {[%emt 00:00:05]} Bxd7 {[%clk
00:08:02]} {[%emt 00:00:01]} 24. Rcb1 {[%clk 00:16:40]} {[%emt 00:01:29]} b6
{[%clk 00:07:33]} {[%emt 00:00:58]} 25. Bb5 {[%clk 00:14:42]} {[%emt 00:02:28]}
Rfc8 {[%clk 00:05:41]} {[%emt 00:02:22]} 26. Bf4 {[%clk 00:13:58]} {[%emt
00:01:12]} a5 {[%clk 00:04:00]} {[%emt 00:02:13]} 27. Ba4 {[%clk 00:11:46]}
{[%emt 00:02:43]} Ra6 {[%clk 00:03:16]} {[%emt 00:01:14]} 28. Rc1 {[%clk
00:10:47]} {[%emt 00:01:29]} e6 {[%clk 00:01:57]} {[%emt 00:01:48]} 29. Rc4
{[%clk 00:04:52]} {[%emt 00:06:26]} Na7 {[%clk 00:00:54]} {[%emt 00:01:33]} 30.
Rxc8+ {[%clk 00:04:47]} {[%emt 00:00:35]} Bxc8 {[%clk 00:01:23]} {[%emt
00:00:02]} 31. Rc1 {[%clk 00:04:28]} {[%emt 00:00:48]} Bb7 {[%clk 00:00:54]}
{[%emt 00:00:59]} 32. Rc7 {[%clk 00:03:26]} {[%emt 00:01:31]} Bxf3 {[%clk
00:00:42]} {[%emt 00:00:43]} 33. gxf3 {[%clk 00:03:47]} {[%emt 00:00:09]} h6
{[%clk 00:00:42]} {[%emt 00:00:30]} 34. Be8 {[%clk 00:02:33]} {[%emt 00:01:44]}
b5 {[%clk 00:00:38]} {[%emt 00:00:33]} 35. Bxf7+ {[%clk 00:02:57]} {[%emt
00:00:05]} Kf8 {[%clk 00:00:56]} {[%emt 00:00:12]} 36. Bxe6 {[%clk 00:02:03]}
{[%emt 00:01:24]} Rxe6 {[%clk 00:00:35]} {[%emt 00:00:51]} 37. Rxa7 {[%clk
00:02:30]} {[%emt 00:00:02]} a4 {[%clk 00:00:52]} {[%emt 00:00:13]} 38. Kf1
{[%clk 00:01:27]} {[%emt 00:01:34]} g5 {[%clk 00:00:58]} {[%emt 00:00:23]} 39.
Bg3 {[%clk 00:01:25]} {[%emt 00:00:32]} Rb6 {[%clk 00:01:03]} {[%emt 00:00:25]}
40. Ke2 {[%clk 00:01:11]} {[%emt 00:00:45]} Kg8 {[%clk 00:00:44]} {[%emt
00:00:49]} 41. Kd3 {[%clk 00:27:20]} {[%emt 00:04:21]} Bf8 {[%clk 00:29:08]}
{[%emt 00:02:06]} 42. d5 {[%clk 00:24:18]} {[%emt 00:03:32]} Ba3 {[%clk
00:27:59]} {[%emt 00:01:39]} 43. Be5 {[%clk 00:22:54]} {[%emt 00:01:55]} Bf8
{[%clk 00:22:04]} {[%emt 00:06:25]} 44. e4 {[%clk 00:21:07]} {[%emt 00:02:18]}
a3 {[%clk 00:21:18]} {[%emt 00:01:15]} 45. Kc2 {[%clk 00:18:05]} {[%emt
00:03:32]} b4 {[%clk 00:17:16]} {[%emt 00:04:32]} 46. Kb3 {[%clk 00:18:29]}
{[%emt 00:00:06]} Rb5 {[%clk 00:17:27]} {[%emt 00:00:19]} 47. Bg3 {[%clk
00:15:36]} {[%emt 00:03:24]} Rc5 {[%clk 00:17:31]} {[%emt 00:00:26]} 48. d6
{[%clk 00:15:01]} {[%emt 00:01:05]} Rc6 {[%clk 00:09:18]} {[%emt 00:08:42]} 49.
e5 {[%clk 00:15:08]} {[%emt 00:00:23]} Rb6 {[%clk 00:09:21]} {[%emt 00:00:27]}
50. e6 {[%clk 00:15:11]} {[%emt 00:00:27]} Bxd6 {[%clk 00:09:43]} {[%emt
00:00:08]} 51. Bxd6 {[%clk 00:15:37]} {[%emt 00:00:05]} Rxd6 {[%clk 00:10:08]}
{[%emt 00:00:04]} 52. Ra8+ {[%clk 00:16:05]} {[%emt 00:00:02]} 1-0

[Event "Deutsche Ländermeisterschaft 2023"]
[Site "Hannover GER"]
[Date "2023.10.01"]
[Round "1"]
[White "Pikalow, Michael"]
[Black "Lesny, Florian"]
[Result "1/2-1/2"]
[Termination "normal"]
[Board "2.2"]
[WhiteElo "2035"]
[BlackElo "2222"]
[WhiteClock "00:01:52"]
[BlackClock "00:01:18"]
[WhiteTeam "Sachsen-Anhalt"]
[BlackTeam "Hessen"]
[PlyCount "126"]
[WhiteFideId "16227638"]
[BlackFideId "12973874"]
[EventCountry "GER"]
[EventRounds "7"]
[EventType "team-swiss"]
[EventDate "2023.09.30"]

1. e4 {[%clk 01:30:54]} {[%emt 00:00:04]} c5 {[%clk 01:30:50]} {[%emt
00:00:11]} 2. Nc3 {[%clk 01:30:44]} {[%emt 00:00:40]} d6 {[%clk 01:31:09]}
{[%emt 00:00:12]} 3. Nf3 {[%clk 01:27:41]} {[%emt 00:03:32]} Nf6 {[%clk
01:30:50]} {[%emt 00:00:48]} 4. d4 {[%emt 00:00:04]} cxd4 {[%clk 01:31:05]}
{[%emt 00:00:15]} 5. Nxd4 {[%clk 01:28:11]} {[%emt 00:00:26]} a6 {[%clk
01:31:18]} {[%emt 00:00:17]} 6. Be3 {[%clk 01:22:59]} {[%emt 00:05:41]} e5
{[%clk 01:31:34]} {[%emt 00:00:14]} 7. Nb3 {[%clk 01:23:18]} {[%emt 00:00:11]}
Be6 {[%clk 01:31:50]} {[%emt 00:00:14]} 8. f3 {[%clk 01:23:43]} {[%emt
00:00:05]} Be7 {[%clk 01:32:04]} {[%emt 00:00:16]} 9. Qd2 {[%clk 01:24:09]}
{[%emt 00:00:05]} O-O {[%clk 01:32:09]} {[%emt 00:00:25]} 10. O-O-O {[%clk
01:24:27]} {[%emt 00:00:12]} Nbd7 {[%clk 01:32:28]} {[%emt 00:00:11]} 11. g4
{[%clk 01:24:47]} {[%emt 00:00:11]} b5 {[%clk 01:32:43]} {[%emt 00:00:14]} 12.
g5 {[%clk 01:24:42]} {[%emt 00:00:35]} Nh5 {[%clk 01:32:19]} {[%emt 00:00:55]}
13. Nd5 {[%clk 01:25:08]} {[%emt 00:00:05]} Bxd5 {[%clk 01:32:07]} {[%emt
00:00:42]} 14. exd5 {[%clk 01:25:14]} {[%emt 00:00:24]} f6 {[%clk 01:29:56]}
{[%emt 00:02:40]} 15. gxf6 {[%clk 01:06:53]} {[%emt 00:18:52]} Bxf6 {[%clk
01:27:17]} {[%emt 00:03:09]} 16. Kb1 {[%clk 01:02:47]} {[%emt 00:04:36]} Qe8
{[%clk 01:20:47]} {[%emt 00:07:00]} 17. Rg1 {[%clk 00:58:41]} {[%emt 00:04:36]}
Bd8 {[%clk 01:05:25]} {[%emt 00:15:51]} 18. Bh3 {[%clk 00:51:20]} {[%emt
00:07:51]} Nf4 {[%clk 00:50:17]} {[%emt 00:15:39]} 19. Be6+ {[%clk 00:42:52]}
{[%emt 00:08:58]} Kh8 {[%clk 00:46:56]} {[%emt 00:03:50]} 20. Bxf4 {[%clk
00:25:38]} {[%emt 00:17:45]} Rxf4 {[%clk 00:46:58]} {[%emt 00:00:28]} 21. Rg4
{[%clk 00:24:09]} {[%emt 00:01:59]} Rxg4 {[%clk 00:42:57]} {[%emt 00:04:32]}
22. Bxg4 {[%clk 00:22:54]} {[%emt 00:01:44]} Nf6 {[%clk 00:37:10]} {[%emt
00:06:16]} 23. Be6 {[%clk 00:21:21]} {[%emt 00:02:03]} Nh5 {[%clk 00:32:44]}
{[%emt 00:04:57]} 24. Qb4 {[%clk 00:20:08]} {[%emt 00:01:44]} Qe7 {[%clk
00:26:40]} {[%emt 00:06:33]} 25. Na5 {[%clk 00:08:49]} {[%emt 00:11:50]} Bxa5
{[%clk 00:25:20]} {[%emt 00:01:49]} 26. Qxa5 {[%clk 00:09:17]} {[%emt
00:00:02]} Nf4 {[%clk 00:22:56]} {[%emt 00:02:54]} 27. Bg4 {[%clk 00:07:39]}
{[%emt 00:02:08]} Qd8 {[%clk 00:20:31]} {[%emt 00:02:56]} 28. Qb4 {[%clk
00:05:56]} {[%emt 00:02:13]} Qc7 {[%clk 00:18:42]} {[%emt 00:02:18]} 29. Be6
{[%clk 00:04:30]} {[%emt 00:01:55]} Rb8 {[%clk 00:12:02]} {[%emt 00:07:11]} 30.
Qe4 {[%clk 00:03:51]} {[%emt 00:01:09]} g6 {[%clk 00:11:37]} {[%emt 00:00:55]}
31. Rc1 {[%clk 00:03:05]} {[%emt 00:01:16]} Qc4 {[%clk 00:10:44]} {[%emt
00:01:23]} 32. Qxc4 {[%clk 00:01:20]} {[%emt 00:02:15]} bxc4 {[%clk 00:11:00]}
{[%emt 00:00:13]} 33. Rd1 {[%clk 00:01:07]} {[%emt 00:00:44]} Rb5 {[%clk
00:07:50]} {[%emt 00:03:40]} 34. c3 {[%clk 00:01:10]} {[%emt 00:00:27]} Kg7
{[%clk 00:05:58]} {[%emt 00:02:23]} 35. Bc8 {[%clk 00:00:41]} {[%emt 00:00:59]}
Nxd5 {[%clk 00:02:44]} {[%emt 00:03:43]} 36. Kc1 {[%clk 00:00:34]} {[%emt
00:00:38]} Ra5 {[%clk 00:01:21]} {[%emt 00:01:53]} 37. Bxa6 {[%clk 00:00:34]}
{[%emt 00:00:30]} Nxc3 {[%clk 00:00:52]} {[%emt 00:00:59]} 38. Rxd6 {[%clk
00:00:40]} {[%emt 00:00:24]} Nxa2+ {[%clk 00:00:55]} {[%emt 00:00:28]} 39. Kd2
{[%clk 00:00:34]} {[%emt 00:00:35]} Rc5 {[%clk 00:00:53]} {[%emt 00:00:33]} 40.
Rb6 {[%clk 00:00:37]} {[%emt 00:00:27]} c3+ {[%clk 00:00:50]} {[%emt 00:00:33]}
41. bxc3 {[%clk 00:00:53]} {[%emt 00:00:13]} Nxc3 {[%clk 00:01:04]} {[%emt
00:00:17]} 42. Bd3 {[%clk 00:26:43]} {[%emt 00:04:40]} Nd5 {[%clk 00:29:47]}
{[%emt 00:01:43]} 43. Ra6 {[%clk 00:20:16]} {[%emt 00:07:01]} Nf4 {[%clk
00:27:07]} {[%emt 00:03:09]} 44. Be4 {[%clk 00:18:17]} {[%emt 00:02:30]} h5
{[%clk 00:25:48]} {[%emt 00:01:49]} 45. h4 {[%clk 00:14:10]} {[%emt 00:04:37]}
Rc7 {[%clk 00:23:59]} {[%emt 00:02:20]} 46. Ra5 {[%clk 00:11:23]} {[%emt
00:03:16]} Re7 {[%clk 00:22:21]} {[%emt 00:02:08]} 47. Ra6 {[%clk 00:08:47]}
{[%emt 00:03:07]} Re6 {[%clk 00:18:16]} {[%emt 00:04:34]} 48. Ra7+ {[%clk
00:06:52]} {[%emt 00:02:26]} Kh6 {[%clk 00:18:16]} {[%emt 00:00:29]} 49. Bc2
{[%clk 00:05:08]} {[%emt 00:02:14]} Ng2 {[%clk 00:16:05]} {[%emt 00:02:40]} 50.
Ra4 {[%clk 00:04:31]} {[%emt 00:01:07]} Rf6 {[%clk 00:15:22]} {[%emt 00:01:13]}
51. Ke2 {[%clk 00:02:32]} {[%emt 00:02:30]} Rf4 {[%clk 00:14:24]} {[%emt
00:01:28]} 52. Ra5 {[%clk 00:02:10]} {[%emt 00:00:53]} Nxh4 {[%clk 00:13:27]}
{[%emt 00:01:27]} 53. Be4 {[%clk 00:02:34]} {[%emt 00:00:06]} Rf6 {[%clk
00:10:19]} {[%emt 00:03:37]} 54. Rxe5 {[%clk 00:02:51]} {[%emt 00:00:14]} Ng2
{[%clk 00:08:53]} {[%emt 00:01:55]} 55. Kf2 {[%clk 00:02:48]} {[%emt 00:00:34]}
Nf4 {[%clk 00:09:07]} {[%emt 00:00:16]} 56. Kg3 {[%clk 00:02:59]} {[%emt
00:00:19]} Ne6 {[%clk 00:08:19]} {[%emt 00:01:17]} 57. Ra5 {[%clk 00:02:14]}
{[%emt 00:01:16]} Ng5 {[%clk 00:07:36]} {[%emt 00:01:11]} 58. Ba8 {[%clk
00:02:42]} {[%emt 00:00:03]} Rb6 {[%clk 00:06:26]} {[%emt 00:01:40]} 59. Bd5
{[%clk 00:02:18]} {[%emt 00:00:54]} Rb4 {[%clk 00:05:37]} {[%emt 00:01:20]} 60.
f4 {[%clk 00:02:10]} {[%emt 00:00:38]} Nh7 {[%clk 00:05:14]} {[%emt 00:00:52]}
61. Ra6 {[%clk 00:02:27]} {[%emt 00:00:13]} Rb5 {[%clk 00:02:28]} {[%emt
00:03:15]} 62. Be4 {[%clk 00:02:00]} {[%emt 00:00:58]} Nf8 {[%clk 00:01:37]}
{[%emt 00:01:21]} 63. f5 {[%clk 00:01:52]} {[%emt 00:00:38]} Re5 {[%clk
00:01:18]} {[%emt 00:00:48]} 1/2-1/2

[Event "Deutsche Ländermeisterschaft 2023"]
[Site "Hannover GER"]
[Date "2023.10.01"]
[Round "1"]
[White "Sydykov, Bayastan"]
[Black "Herter, Arne"]
[Result "1-0"]
[Termination "normal"]
[Board "2.3"]
[WhiteElo "2059"]
[BlackElo "2039"]
[WhiteClock "00:05:51"]
[BlackClock "00:02:03"]
[WhiteTeam "Hessen"]
[BlackTeam "Sachsen-Anhalt"]
[PlyCount "61"]
[WhiteFideId "13829610"]
[BlackFideId "16255372"]
[EventCountry "GER"]
[EventRounds "7"]
[EventType "team-swiss"]
[EventDate "2023.09.30"]

1. e4 {[%clk 01:30:55]} {[%emt 00:00:04]} e5 {[%clk 01:30:56]} {[%emt
00:00:04]} 2. Nf3 {[%clk 01:31:17]} {[%emt 00:00:08]} Nc6 {[%clk 01:31:21]}
{[%emt 00:00:05]} 3. Bb5 {[%clk 01:31:28]} {[%emt 00:00:19]} a6 {[%clk
01:31:42]} {[%emt 00:00:08]} 4. Bxc6 {[%clk 01:31:33]} {[%emt 00:00:25]} dxc6
{[%clk 01:32:08]} {[%emt 00:00:05]} 5. O-O {[%clk 01:31:32]} {[%emt 00:00:32]}
Qf6 {[%clk 01:32:32]} {[%emt 00:00:06]} 6. d4 {[%clk 01:31:26]} {[%emt
00:00:36]} exd4 {[%clk 01:32:55]} {[%emt 00:00:07]} 7. Bg5 {[%clk 01:31:19]}
{[%emt 00:00:38]} Qd6 {[%clk 01:29:36]} {[%emt 00:03:47]} 8. Nxd4 {[%clk
01:31:02]} {[%emt 00:00:47]} Ne7 {[%clk 01:25:28]} {[%emt 00:04:38]} 9. Nc3
{[%clk 01:25:40]} {[%emt 00:05:52]} Bd7 {[%clk 01:20:28]} {[%emt 00:05:29]} 10.
Be3 {[%clk 01:15:36]} {[%emt 00:10:35]} O-O-O {[%clk 01:18:42]} {[%emt
00:02:16]} 11. Qe2 {[%clk 01:07:41]} {[%emt 00:08:26]} Ng6 {[%clk 01:10:34]}
{[%emt 00:08:37]} 12. f4 {[%clk 01:05:09]} {[%emt 00:03:03]} h5 {[%clk
00:51:31]} {[%emt 00:19:33]} 13. Nb3 {[%clk 00:57:28]} {[%emt 00:08:10]} Qf6
{[%clk 00:43:16]} {[%emt 00:08:45]} 14. h3 {[%clk 00:43:59]} {[%emt 00:14:00]}
Bb4 {[%clk 00:37:50]} {[%emt 00:05:55]} 15. Bd4 {[%clk 00:29:37]} {[%emt
00:14:53]} Qh4 {[%clk 00:31:07]} {[%emt 00:07:13]} 16. f5 {[%clk 00:24:53]}
{[%emt 00:05:14]} Nf8 {[%clk 00:28:15]} {[%emt 00:03:22]} 17. a3 {[%clk
00:24:31]} {[%emt 00:00:53]} Bd6 {[%clk 00:24:38]} {[%emt 00:04:07]} 18. Na4
{[%clk 00:20:46]} {[%emt 00:04:15]} Re8 {[%clk 00:20:29]} {[%emt 00:04:38]} 19.
Nac5 {[%clk 00:20:20]} {[%emt 00:00:57]} Qg3 {[%clk 00:20:02]} {[%emt
00:00:58]} 20. Rf3 {[%clk 00:20:11]} {[%emt 00:00:39]} Qh2+ {[%clk 00:19:01]}
{[%emt 00:01:30]} 21. Kf2 {[%clk 00:19:28]} {[%emt 00:01:13]} h4 {[%clk
00:14:31]} {[%emt 00:05:00]} 22. Nxb7 {[%clk 00:14:43]} {[%emt 00:05:15]} Bg3+
{[%clk 00:06:36]} {[%emt 00:08:25]} 23. Ke3 {[%clk 00:14:12]} {[%emt 00:01:01]}
Bxf5 {[%clk 00:04:21]} {[%emt 00:02:45]} 24. Rxf5 {[%clk 00:12:41]} {[%emt
00:02:01]} Ng6 {[%clk 00:03:52]} {[%emt 00:00:59]} 25. N7c5 {[%clk 00:11:55]}
{[%emt 00:01:16]} Bf4+ {[%clk 00:03:57]} {[%emt 00:00:25]} 26. Kf2 {[%clk
00:10:26]} {[%emt 00:01:59]} Bg3+ {[%clk 00:02:03]} {[%emt 00:02:24]} 27. Ke3
{[%clk 00:05:28]} {[%emt 00:05:28]} Bf4+ {[%clk 00:02:22]} {[%emt 00:00:11]}
28. Kd3 {[%clk 00:05:41]} {[%emt 00:00:17]} Ne5+ {[%clk 00:01:32]} {[%emt
00:01:20]} 29. Kc3 {[%clk 00:05:26]} {[%emt 00:00:45]} Qg3+ {[%clk 00:01:54]}
{[%emt 00:00:07]} 30. Nd3 {[%clk 00:05:48]} {[%emt 00:00:09]} g6 {[%clk
00:02:03]} {[%emt 00:00:21]} 31. Rxf4 {[%clk 00:05:51]} {[%emt 00:00:27]} 1-0